MARC

LEADER 00000nam0a2200000 4500
001 25557
005 20231101205656.0
010 |a 5871701108 
035 |a (RuTPU)RU\TPU\book\25794 
035 |a BOOK00025869 
090 |a 25557 
100 |a 20011209d2000 m y0rusy50 ca 
101 0 |a rus 
102 |a RU 
105 |a a e 000zd 
200 1 |a Художники русского Зарубежья. 1917-1939  |e Биографический словарь  |f О. Л. Лейкинд, К. В. Махров, Д. Я. Северюхин 
210 |a СПб.  |c Нотабене  |d 2000 
215 |a 715 с.  |c ил. 
606 1 |a Живописцы  |2 stltpush  |3 (RuTPU)RU\TPU\subj\10834  |9 37852 
610 1 |a искусство 
610 1 |a живопись 
610 1 |a графика 
610 1 |a художники 
610 1 |a Русское Зарубежье 
610 1 |a персоналии 
610 1 |a биографические словари 
675 |a 75.071(092)  |v 3 
700 1 |a Лейкинд  |b О. Л.  |g Олег Леонидович 
701 1 |a Махров  |b К. В.  |g Кирилл Васильевич 
701 1 |a Северюхин  |b Д. Я.  |g Дмитрий Яковлевич 
801 0 |a RU  |b 63413507  |c 20011209  |g PSBO 
801 2 |a RU  |b 63413507  |c 20140923  |g PSBO 
942 |c BK